La ciudad de México /

محفوظ في:
التفاصيل البيبلوغرافية
المؤلف الرئيسي: Bataillon, Claude (autor)
مؤلفون آخرون: Rivière D'Arc, Hélène (autor) (autor), Montemayor, Carlos (traducción) (traducción)
التنسيق: كتاب
اللغة:الإسبانية
منشور في: México : Secretaría de Educación Pública, 1973, c1973
الوسوم: إضافة وسم
لا توجد وسوم, كن أول من يضع وسما على هذه التسجيلة!

MARC

LEADER 00000nam^a2200000^a^4500
001 000621953
005 20260220000000.0
009 20260310133909.467
037 |a Acervo ITESO - Biblioteca 
041 |a ESP 
091 |a FOB. 02164 
100 |a Bataillon, Claude  |e (autor) 
245 1 3 |a La ciudad de México / 
264 4 |a México :  |b Secretaría de Educación Pública,  |c 1973, c1973 
300 |a 183 p. 
336 |a texto  |b txt  |2 rdacontenido 
337 |a sin mediación  |b n  |2 rdamedio 
338 |a volumen  |b nc  |2 rdasoporte 
649 |a XX 
700 |a Rivière D'Arc, Hélène  |e (autor) 
700 |a Montemayor, Carlos  |e (traducción) 
910 |a Fondo Carlos de Obeso Orendain 
920 |a Impresos - Libros 
930 |a Fondos Especiales 
905 |a 147 
901 |a 621953-10  |b IT2  |c ESP  |i D  |u 20251001 
902 |a https://opac.biblio.iteso.mx/vufind/Record/000621953